ARRUPE JESUIT UNIVERSITY

CORONAVIRUS -STOP THE SPREAD - CLEAN,DISINFECT,COVER

Une cour au pays du masque / (Record no. 118820)

MARC details
000 -LEADER
fixed length control field 00737nam a2200241 a 4500
001 - CONTROL NUMBER
control field 1192748
003 - CONTROL NUMBER IDENTIFIER
control field ARRUPE
005 - DATE AND TIME OF LATEST TRANSACTION
control field 20131127170248.0
008 - FIXED-LENGTH DATA ELEMENTS--GENERAL INFORMATION
fixed length control field 971024s1997 fr 000 1 fre
010 ## - LIBRARY OF CONGRESS CONTROL NUMBER
LC control number 97208445
020 ## - INTERNATIONAL STANDARD BOOK NUMBER
International Standard Book Number 2738453821 :
Terms of availability 75F
035 ## - SYSTEM CONTROL NUMBER
System control number (FrPJT)JTL00001428
040 ## - CATALOGING SOURCE
Original cataloging agency DLC
Transcribing agency DLC
050 00 - LIBRARY OF CONGRESS CALL NUMBER
Classification number PR9371.9H6
Item number C6 1997
082 00 - DEWEY DECIMAL CLASSIFICATION NUMBER
Classification number 843
Edition number 21
300 ## - PHYSICAL DESCRIPTION
Dimensions 22 cm.
100 1# - MAIN ENTRY--PERSONAL NAME
Personal name Hourantier, Marie José.
9 (RLIN) 4314
245 14 - TITLE STATEMENT
Title Une cour au pays du masque /
Statement of responsibility, etc Marie-José Hourantier.
260 ## - PUBLICATION, DISTRIBUTION, ETC. (IMPRINT)
Place of publication, distribution, etc Paris :
Name of publisher, distributor, etc L'Harmattan,
Date of publication, distribution, etc c1997.
300 ## - PHYSICAL DESCRIPTION
Extent 136 p. ;
906 ## - LOCAL DATA ELEMENT F, LDF (RLIN)
a 7
b cbc
c orignew
d 3
e ncip
f 19
g y-gencatlg
942 ## - ADDED ENTRY ELEMENTS (KOHA)
Source of classification or shelving scheme Library of Congress Classification
Koha item type Monograph ( Printed materials)
Holdings
Withdrawn status Lost status Source of classification or shelving scheme Damaged status Not for loan Collection code Home library Current library Shelving location Date acquired Total Checkouts Full call number Barcode Date last seen Price effective from Koha item type
    Library of Congress Classification     Main Collection ARRUPE LIBRARY ARRUPE LIBRARY Main Collection 27/11/2013   PR9371.9H6 C6 1997 46410373 27/11/2013 27/11/2013 Monograph ( Printed materials)

 

Arrupe Library. PO Box MP320 Mt Pleasant, Harare, Zimbabwe
263 242 745411|librarian@aju.ac.zw